000 00705nam a2200229 a 4500
001 80719
003 BD-RjUL
005 20221106104526.0
008 221106s1914 enkcf 000 1 eng d
035 _a(BD-RjUL)80719
040 _aIUL
_cIUL
_dm.c
_dBD-RjUL
_beng
041 _aeng
082 _223
_a823.8
_bCOI 1914
100 1 _aCorelli, Marie,
_d1855-1924.
_95727
245 1 0 _aInnocent, her fancy and his fact :
_ba novel /
_cby Marie Corelli
260 _aLondon :
_bHodder and Stoughton,
_c1914
300 _avii, 432 p., [1] leaf of plates :
_bill.;
_c20 cm.
500 _aFirst edition cited in NCBEL III, 1043
650 _aRomance fiction
_95728
650 _aEnglish fiction
942 _2ddc
_cBK
999 _c80719
_d80719